[Event "FRA-ch Blitz Online Qual"]
[Site "Europe Echecs INT"]
[Date "2020.05.16"]
[Round "4"]
[White "Morais, Mario1111"]
[Black "Revel, Adrien"]
[Result "1-0"]
[WhiteElo "2061"]
[BlackElo "1859"]
[PlyCount "99"]
[EventDate "2020.05.16"]
[EventType "swiss (blitz)"]
[EventRounds "15"]
[EventCountry "FRA"]
[SourceTitle "CBM 196 Extra"]
[Source "ChessBase"]
[SourceDate "2020.07.31"]
[SourceVersion "1"]
[SourceVersionDate "2020.07.31"]
[SourceQuality "1"]

1. d4 Nf6 2. Nc3 d5 3. Bg5 c5 4. Bxf6 exf6 5. e3 cxd4 6. Qxd4 Be6 7. Rd1 Nc6 8. Qa4 Bb4 9. Nge2 0-0 10. a3 Be7 11. Nf4 Qc7 12. Nfxd5 Bxd5 13. Nxd5 Qe5 14. Nxe7+ Qxe7 15. Bd3 Qe5 16. Qe4 Qxe4 17. Bxe4 Rac8 18. 0-0 b6 19. Bxc6 Rxc6 20. c3 a6 21. Rd4 g6 22. Rfd1 Kg7 23. Kf1 b5 24. Rd6 Rfc8 25. R1d4 a5 26. Rxc6 Rxc6 27. Ke2 h5 28. Kd3 f5 29. Rd5 Rb6 30. b4 axb4 31. axb4 Kf6 32. Kd4 Ke6 33. Re5+ Kf6 34. Rd5 Ke6 35. Rd8 Rc6 36. Re8+ Kd6 37. Rd8+ Ke6 38. f3 Rc4+ 39. Kd3 Rc6 40. Rb8 Rd6+ 41. Ke2 Rd5 42. e4 fxe4 43. fxe4 Re5 44. Kd3 f5 45. Re8+ Kf6 46. Rxe5 Kxe5 47. exf5 gxf5 48. c4 bxc4+ 49. Kxc4 Ke4 50. b5 1-0

[Event "FRA-ch Blitz Online Qual"]
[Site "Europe Echecs INT"]
[Date "2020.05.16"]
[Round "7"]
[White "Revel, Adrien"]
[Black "Eric Andriana, Fitia"]
[Result "1-0"]
[WhiteElo "1859"]
[BlackElo "1401"]
[PlyCount "97"]
[EventDate "2020.05.16"]
[EventType "swiss (blitz)"]
[EventRounds "15"]
[EventCountry "FRA"]
[SourceTitle "CBM 196 Extra"]
[Source "ChessBase"]
[SourceDate "2020.07.31"]
[SourceVersion "1"]
[SourceVersionDate "2020.07.31"]
[SourceQuality "1"]

1. e4 e5 2. Nf3 Nc6 3. Bc4 Be7 4. c3 Nf6 5. d3 d6 6. 0-0 Bg4 7. Nbd2 0-0 8. h3 Be6 9. Re1 Na5 10. Bb5 c6 11. Ba4 b5 12. Bc2 c5 13. Nf1 Qd7 14. d4 cxd4 15. cxd4 Rac8 16. Ne3 Qc7 17. Bd2 Rfd8 18. Rc1 Nc4 19. Nxc4 bxc4 20. Bc3 Nh5 21. Qe2 Nf4 22. Qf1 Qd7 23. dxe5 dxe5 24. Nxe5 Qc7 25. Rcd1 f6 26. Nf3 Bc5 27. Bd2 Nd3 28. Bxd3 cxd3 29. Bc3 Qb6 30. Rd2 Bxa2 31. Red1 Bb3 32. Rc1 Bb4 33. Rxd3 Rxd3 34. Qxd3 Bxc3 35. Rxc3 Rxc3 36. Qxc3 Bf7 37. Qd4 Qb8 38. g3 Be8 39. Kg2 h6 40. e5 fxe5 41. Qxe5 Bc6 42. Qe6+ Kh7 43. Qxc6 Qf8 44. Qc3 Qe8 45. Qd3+ g6 46. Qd4 Qa8 47. b4 Qb7 48. Qc5 Qc7 49. Qxc7+ 1-0

[Event "FRA-ch Blitz Online Qual"]
[Site "Europe Echecs INT"]
[Date "2020.05.16"]
[Round "15"]
[White "Revel, Adrien"]
[Black "Lambert, Adrien"]
[Result "0-1"]
[WhiteElo "1859"]
[BlackElo "2123"]
[PlyCount "76"]
[EventDate "2020.05.16"]
[EventType "swiss (blitz)"]
[EventRounds "15"]
[EventCountry "FRA"]
[SourceTitle "CBM 196 Extra"]
[Source "ChessBase"]
[SourceDate "2020.07.31"]
[SourceVersion "1"]
[SourceVersionDate "2020.07.31"]
[SourceQuality "1"]

1. e4 d6 2. d4 Nf6 3. Nc3 g6 4. f4 Bg7 5. Nf3 c5 6. dxc5 Qa5 7. Bd3 Qxc5 8. Qe2 Bg4 9. Be3 Qa5 10. 0-0 Nc6 11. h3 Bxf3 12. Qxf3 0-0 13. g4 Nd7 14. Bd2 e6 15. Rad1 Nd4 16. Qf2 f5 17. Nb5 Qb6 18. Be3 fxe4 19. Nxd4 exd3 20. Nxe6 Qxb2 21. Nxf8 Rxf8 22. cxd3 Qa3 23. Bd4 Bh6 24. f5 Ne5 25. Bxe5 dxe5 26. Qe2 Bf4 27. fxg6 hxg6 28. Qe4 Kh7 29. Qxb7+ Kh6 30. Qb3 Qc5+ 31. Kg2 Qe3 32. Rf3 Qe2+ 33. Rf2 Qe3 34. Rdf1 Rd8 35. Qf7 Rxd3 36. Rxf4 Qxh3+ 37. Kf2 Qg3+ 38. Ke2 Qe3# 0-1